1615 1291 1371 1809 1047 1747 1315 1817 1747 1920 1319 1043 1985 1615 1233 1496 1118 1906 1944 1198 1418 1021 1963 1388 1913 1600 1920 1459 1408 1038 1367 1489 1322 1975 1109 1256 1118 1260 1115 1791 1956 1259 1033 1780 1794 1082 1354 1646 1967 1941 1794 1603 1475 1993 1511 1619 1174 1343 1597 1650 1942 1551 1305 1971 1817 1346 1108 1521 1812 1174 1297 1790 1672 1681 1255 1659 1064 1492 1405 1640 1375 1831 1936 1067 1867 1070 1035 1636 1992 1976 1647 1443 1843 1079 1399 1469 1707 1257 1653 BCNSPRNW ULIB Ver.6.0+V

เปลี่ยนเป็นภาษาไทย

Change to English
 แสดงรายละเอียดบรรณานุกรม
  กลับหน้าหลัก

Brief Record : Get Marc (ISO 2709) : E-mail record : QR code < ปิดหน้าต่าง
LEADER : 00000nam 2200000uu 4500
001    13399108377
003     ULIB
008    110302s2547||||th 000 0 tha d
020    9789747207583
060 04 WY100^bอ494ก 2547
245 00 การพยาบาลพื้นฐาน :^bปฏิบัติการพยาบาล = Fundamentals ofnursing : nursing practice /^cอัจฉรา พุ่มดวง ... [และคนอื่นๆ]
246 31 Fundamentals of nursing : nursing practice
250    พิมพ์ครั้งที่ 1
260    กรุงเทพฯ :^bภาควิชาการพยาบาลพื้นฐานวิทยาลัยพยาบาลสภากาชาดไทย,^c2547
300    ก-ฐ, 343 หน้า :^bภาพประกอบ ;^c30 ซม.
650  7 การพยาบาล
650  7 การพยาบาล, การบริการ
650  7 ผู้ป่วย, การดูแล
700 0  อัจฉรา พุ่มดวง
710 2  วิทยาลัยพยาบาลสภากาชาดไทย. ^bภาควิชาการพยาบาลพื้นฐาน
945    ^p300^l0^i017944
945    ^p300^l0^i016966
945    ^p300^l0^i016965
995    ทศพร
999 ^a ใช้งานได้ทุกระบบ
รายการนี้ยังไม่มีแท็ก
คุณยังไม่ได้ล็อกอิน คุณสามารถมีกิจกรรมร่วมกับเว็บไซต์ได้ แต่ต้องล็อกอินก่อน ::
  ล็อกอิน

รายการสื่อสารสนเทศ

ลำดับที่ ประเภท เลขเรียก/บาร์โค้ด สถานที่ สถานะ
- ไม่พบข้อมูล -

รายการใกล้เคียง
    หัวเรื่อง [การพยาบาล]
    หัวเรื่อง [การพยาบาล, การบริการ]
    หัวเรื่อง [ผู้ป่วย, การดูแล]

BibComment


ยังไม่เคยถูกคอมเมนท์

คอมเมนท์ทรัพยากรรายการนี้
  คอมเมนท์: การพยาบาลพื้นฐาน ..


 Copyright 2026. Bcnsprnw @Library